[Event "Elit(Wasa-SS 4 Springare)"]
[Site "?"]
[Date "2025.01.17"]
[Round "4"]
[White "Gajic, Mladen"]
[Black "Wedberg, Tom"]
[Result "0-1"]
[WhiteElo "2266"]
[BlackElo "2344"]
[PlyCount "96"]
[SourceVersionDate "2025.01.28"]

1. d4 Nf6 2. Bg5 d5 3. Bxf6 exf6 4. e3 Bd6 5. c4 dxc4 6. Bxc4 O-O 7. Nc3 f5 8. Qf3 Nd7 9. Nge2 Nf6 10. O-O-O c6 11. h3 b5 12. Qxc6 Rb8 13. Bxb5 Bb7 14. Qc4 Qb6 15. Rd2 Rfc8 16. Qa4 Bxg2 17. Rg1 Bf3 18. Bc4 Bb4 19. Qa6 Bxe2 20. Qxb6 Rxb6 21. Bxe2 Ne4 22. Bd3 Nxd2 23. Kxd2 Bxc3+ 24. bxc3 Rb2+ 25. Bc2 Rxa2 26. Rb1 g6 27. Rb7 Rc6 28. Kd3 Rb6 29. Rxb6 axb6 30. c4 Ra3+ 31. Kd2 Kf8 32. Bb1 Ke7 33. Kc2 Kd6 34. Kb2 Ra5 35. Bd3 Ra4 36. f3 h5 37. e4 fxe4 38. fxe4 f6 39. e5+ fxe5 40. dxe5+ Kxe5 41. Kb3 Ra5 42. Bxg6 h4 43. Be8 Kd6 44. Kb4 Rg5 45. Bf7 Rg3 46. Kb5 Rxh3 47. Kxb6 Rb3+ 48. Ka5 Kc5 0-1

[Event "Elit(Kristallen-Rockaden, Stockholm)"]
[Site "?"]
[Date "2025.01.17"]
[Round "4"]
[White "Blomqvist, Erik"]
[Black "Lindh, Fredrik"]
[Result "1-0"]
[WhiteElo "2481"]
[BlackElo "2269"]
[PlyCount "63"]
[SourceVersionDate "2025.01.29"]

1. e4 c5 2. Nf3 e6 3. d3 Nc6 4. g3 g6 5. Bg2 Bg7 6. O-O Nge7 7. c3 d5 8. Qe2 O-O 9. e5 b5 10. h4 h5 11. Bf4 a5 12. Re1 b4 13. a4 Rb8 14. Nbd2 bxc3 15. bxc3 Rb2 16. Reb1 Rxb1+ 17. Nxb1 Ba6 18. Na3 Qd7 19. Nb5 Rb8 20. Rb1 Nc8 21. Ng5 N8a7 22. c4 Nd4 23. Qe1 dxc4 24. dxc4 Naxb5 25. axb5 Bb7 26. Ne4 Bxe4 27. Bxe4 Qc7 28. Kg2 Bxe5 29. Rd1 f5 30. Bxe5 Qxe5 31. Bd3 Qd6 32. Rb1 1-0

[Event "Elit(Vaxjo-Eksjo)"]
[Site "?"]
[Date "2025.01.17"]
[Round "4"]
[White "Olofsson-Dolk, Mattis"]
[Black "Johnson, Bjorn"]
[Result "1-0"]
[WhiteElo "2168"]
[BlackElo "2188"]
[PlyCount "51"]
[SourceVersionDate "2025.01.27"]

1. e4 e6 2. d4 d5 3. e5 c5 4. c3 Qb6 5. Nf3 Bd7 6. Be2 cxd4 7. cxd4 Bb5 8. Nc3 Bxe2 9. Nxe2 Nc6 10. h4 Bb4+ 11. Kf1 Bf8 12. h5 Nh6 13. Bxh6 gxh6 14. Qd2 Bg7 15. Rh3 O-O 16. Rg3 Kh8 17. Re1 f6 18. Nf4 Rae8 19. exf6 Rxf6 20. Kg1 Qd8 21. b4 Qd6 22. Nd3 Rf5 23. Rg4 Rxf3 24. gxf3 Nxd4 25. Qf4 e5 26. Qxd4 1-0

[Event "Elit(Wasa-SS 4 Springare)"]
[Site "?"]
[Date "2025.01.17"]
[Round "4"]
[White "Ostlund, Joar"]
[Black "Seiger, Vidar"]
[Result "1/2-1/2"]
[WhiteElo "2324"]
[BlackElo "2164"]
[PlyCount "144"]
[SourceVersionDate "2025.01.28"]

1. d4 Nf6 2. c4 e6 3. Nf3 Bb4+ 4. Bd2 a5 5. g3 d5 6. Bg2 dxc4 7. Qc2 Bxd2+ 8. Nbxd2 b5 9. a4 c6 10. b3 cxb3 11. Nxb3 b4 12. Ne5 O-O 13. O-O Nd5 14. e3 Qc7 15. Rfc1 Nc3 16. Nc5 Ba6 17. Kh1 h6 18. g4 Rc8 19. Ne4 Nxe4 20. Qxe4 Bb7 21. h4 Nd7 22. Nxd7 Qxd7 23. Rc5 Ra7 24. g5 hxg5 25. hxg5 g6 26. Bf3 Qd6 27. Kg2 Kg7 28. Rh1 Rh8 29. Rxh8 Kxh8 30. Rc1 c5 31. Qh4+ Kg8 32. Rh1 Bxf3+ 33. Kxf3 Qd5+ 34. Kg3 Kf8 35. Qh8+ Ke7 36. Qf6+ Kd6 37. dxc5+ Kxc5 38. Rc1+ Kb6 39. Qf4 Rb7 40. e4 Qd3+ 41. Kg2 Qd4 42. Rb1 Rc7 43. Rb3 Kb7 44. Rb1 e5 45. Qf3 Rd7 46. Rc1 Kb6 47. Rc8 Kb7 48. Rc1 Qb6 49. Qb3 Qd8 50. Qc4 Rd6 51. Qb5+ Rb6 52. Qxe5 b3 53. Qxa5 b2 54. Rb1 Qd3 55. Qd5+ Qxd5 56. exd5 Kc7 57. a5 Rb8 58. a6 Kd6 59. a7 Ra8 60. Rxb2 Rxa7 61. Rb5 Ke5 62. Kg3 Rd7 63. f4+ Ke4 64. d6 Rxd6 65. Re5+ Kd4 66. Re7 f6 67. f5 fxg5 68. Re6 Kd5 69. Rxd6+ Kxd6 70. fxg6 Ke6 71. Kg4 Kf6 72. Kh5 Kg7 1/2-1/2

[Event "Elit(Kristallen-Rockaden, Stockholm)"]
[Site "?"]
[Date "2025.01.17"]
[Round "4"]
[White "Walinder, Lars"]
[Black "Wiedenkeller, Michael"]
[Result "1-0"]
[WhiteElo "2209"]
[BlackElo "2380"]
[PlyCount "111"]
[SourceVersionDate "2025.01.29"]

1. c4 e5 2. Nc3 Nf6 3. Nf3 Nc6 4. e3 Be7 5. Qb3 O-O 6. Be2 Re8 7. O-O Bc5 8. d3 a6 9. Bd2 d6 10. a3 Ba7 11. Rac1 h6 12. Qc2 Bf5 13. Ne4 Nd7 14. b4 Bg6 15. Nc3 Ne7 16. e4 Bh5 17. Ne1 Bxe2 18. Nxe2 f5 19. Nf3 c6 20. Bc3 c5 21. exf5 Nxf5 22. Ng3 Nxg3 23. hxg3 Qf6 24. Rce1 Qf7 25. Qe2 Nf6 26. Nd2 Rad8 27. Qf3 Rf8 28. Re2 Qg6 29. Qxb7 Rf7 30. Qf3 Ng4 31. Qd5 Qh5 32. Nf3 cxb4 33. Bxb4 Kh8 34. Re4 Rxf3 35. Rxg4 Rxf2 36. Rxf2 Bxf2+ 37. Kxf2 Qxg4 38. Bxd6 Qf5+ 39. Kg1 Re8 40. c5 Qe6 41. Qxe6 Rxe6 42. Kf2 Kg8 43. Ke3 Kf7 44. Ke4 Rg6 45. Bxe5 Ke6 46. d4 Rg4+ 47. Bf4 g5 48. d5+ Kf6 49. Kf3 h5 50. Bd6 Kf7 51. Ke3 h4 52. Kd3 hxg3 53. c6 Rh4 54. Be5 Ke8 55. d6 Rh6 56. Ke4 1-0

[Event "Elit(Vaxjo-Eksjo)"]
[Site "?"]
[Date "2025.01.17"]
[Round "4"]
[White "Malesevic, Nedeljko"]
[Black "Rydstrom, Tom"]
[Result "0-1"]
[WhiteElo "2295"]
[BlackElo "2219"]
[PlyCount "119"]
[SourceVersionDate "2025.01.27"]

1. d4 d5 2. Nf3 Bf5 3. c4 e6 4. Nc3 Nf6 5. Bg5 Nc6 6. cxd5 exd5 7. Bxf6 gxf6 8. e3 Rg8 9. Nh4 Be6 10. Bd3 Qd7 11. h3 Be7 12. Qf3 O-O-O 13. Nf5 Bf8 14. g4 Kb8 15. Ng3 Re8 16. O-O-O Rh8 17. Nh5 Qd6 18. Qxf6 Be7 19. Qf3 Nb4 20. Nf4 Rc8 21. a3 Nxd3+ 22. Nxd3 b6 23. Kb1 Rhd8 24. Qf4 Qc6 25. Rc1 Bd6 26. Qf3 Qb7 27. Nf4 c5 28. Nb5 Bf8 29. Nxe6 fxe6 30. Qf6 Qd7 31. Nc3 Bd6 32. Qf3 c4 33. e4 Rf8 34. Qe2 Qc6 35. Rc2 Rfe8 36. e5 Be7 37. f4 b5 38. f5 a5 39. a4 bxa4 40. fxe6 Rc7 41. Rf1 Rb7 42. Rf7 a3 43. Qf3 Rd8 44. Rxh7 a4 45. Rxe7 Rxe7 46. bxa3 Rb7+ 47. Kc1 Ka7 48. Qf6 Re8 49. e7 Qd7 50. Qf3 Qxe7 51. Qxd5 Qxa3+ 52. Kd2 Qb4 53. Qc6 Rd8 54. d5 Qe7 55. Qxa4+ Kb8 56. e6 Qg5+ 57. Ke2 Qe5+ 58. Kd1 Qd4+ 59. Ke2 Rf8 60. Ke1 0-1

[Event "Elit(Wasa-SS 4 Springare)"]
[Site "?"]
[Date "2025.01.17"]
[Round "4"]
[White "Mattsson, Michael"]
[Black "Cramling, Dan"]
[Result "0-1"]
[WhiteElo "1983"]
[BlackElo "2318"]
[PlyCount "86"]
[SourceVersionDate "2025.01.28"]

1. e4 c5 2. Nf3 e6 3. d4 cxd4 4. Nxd4 a6 5. Nc3 Qc7 6. Be3 Bb4 7. Qd2 Nf6 8. Bd3 d5 9. f3 e5 10. Nde2 d4 11. Nxd4 exd4 12. Bxd4 Nc6 13. Bxf6 gxf6 14. a3 Qa5 15. O-O Bxc3 16. Qxc3 Qxc3 17. bxc3 Be6 18. Rab1 Na5 19. f4 Rc8 20. f5 Bd7 21. c4 O-O 22. Kf2 Rfe8 23. Rb6 Bc6 24. Re1 Re5 25. g4 Rc7 26. Kf3 Rc5 27. Rb4 Be8 28. Rb6 Kg7 29. g5 fxg5 30. f6+ Kf8 31. Rg1 Bc6 32. Rb4 Bd7 33. h4 gxh4 34. Rg7 R7c6 35. Rxh7 Rxf6+ 36. Ke3 h3 37. Kd4 Rg5 38. Rb1 Kg8 39. Rh4 Kg7 40. Ke3 Rh6 41. Rxh6 Kxh6 42. Be2 Rg2 43. Kd3 Nxc4 0-1

[Event "Elit(Kristallen-Rockaden, Stockholm)"]
[Site "?"]
[Date "2025.01.17"]
[Round "4"]
[White "Sorensen, Hampus"]
[Black "Gamback, Bjorn"]
[Result "1-0"]
[WhiteElo "2424"]
[BlackElo "2007"]
[PlyCount "109"]
[SourceVersionDate "2025.01.29"]

1. d4 d5 2. c4 e6 3. Nc3 c5 4. cxd5 exd5 5. Nf3 Nc6 6. g3 c4 7. Bg2 Bb4 8. Ne5 Nge7 9. Bf4 O-O 10. O-O Bf5 11. Qa4 Ba5 12. Nxc6 bxc6 13. Rac1 Bb6 14. Rfd1 Bg4 15. b3 cxb3 16. axb3 Qd7 17. Rd2 Rfd8 18. Qa1 Ng6 19. Be3 Nf8 20. b4 Ne6 21. b5 cxb5 22. Nxd5 Rac8 23. Rxc8 Rxc8 24. Nxb6 axb6 25. Qb2 Bf5 26. h4 h6 27. f3 Nc7 28. Bf2 Ne8 29. e4 Bh3 30. Rc2 Rxc2 31. Qxc2 Bxg2 32. Kxg2 Nd6 33. d5 Nc4 34. Qb3 Kf8 35. Bd4 f6 36. Qa2 Qb7 37. g4 Kf7 38. Qa1 Nd2 39. Qb2 Nc4 40. Qxb5 Qc7 41. Qb3 Kf8 42. Qc3 Qc8 43. g5 hxg5 44. hxg5 fxg5 45. Bxg7+ Ke8 46. Bh6 Qa6 47. Bxg5 Qa2+ 48. Kg3 Qe2 49. Qh8+ Kf7 50. Qf6+ Kg8 51. Qe6+ Kh8 52. Bf6+ Kh7 53. Qf7+ Kh6 54. Qg7+ Kh5 55. Qg5# 1-0

[Event "Elit(Vaxjo-Eksjo)"]
[Site "?"]
[Date "2025.01.17"]
[Round "4"]
[White "Sevastianov, Andrii"]
[Black "Krantz, Christopher"]
[Result "0-1"]
[WhiteElo "2147"]
[BlackElo "2219"]
[PlyCount "102"]
[SourceVersionDate "2025.01.27"]

1. e4 g6 2. d4 Bg7 3. Nc3 c6 4. Be3 d6 5. Nf3 Nd7 6. a4 Qc7 7. Qd2 Ngf6 8. Bc4 O-O 9. Bh6 e5 10. Bxg7 Kxg7 11. a5 exd4 12. Qxd4 Ne5 13. Nxe5 dxe5 14. Qe3 Rd8 15. O-O Rd4 16. Bb3 Ng4 17. Qe2 Qe7 18. h3 Nf6 19. f4 Be6 20. fxe5 Nd7 21. Qe3 Rb4 22. Bxe6 Qxe6 23. b3 Qxe5 24. a6 b6 25. Qf3 Qe7 26. Rad1 Re8 27. Rf2 Ne5 28. Qe3 Rd8 29. Rxd8 Qxd8 30. Rd2 Qe7 31. g3 h5 32. Kg2 h4 33. Ne2 Rb5 34. Nd4 Ra5 35. Qc3 Rc5 36. Qe3 Kg8 37. gxh4 Qxh4 38. b4 Rc4 39. c3 c5 40. bxc5 bxc5 41. Nf3 Nxf3 42. Kxf3 Qxh3+ 43. Ke2 Qxe3+ 44. Kxe3 Rxc3+ 45. Kf4 Ra3 46. Rd6 c4 47. e5 c3 48. e6 fxe6 49. Kg5 Kf8 50. Rxe6 Ra5+ 51. Kxg6 Rc5 0-1

[Event "Elit(Wasa-SS 4 Springare)"]
[Site "?"]
[Date "2025.01.17"]
[Round "4"]
[White "Bellon Lopez, Juan"]
[Black "Kingsley, Elias"]
[Result "1/2-1/2"]
[WhiteElo "2278"]
[BlackElo "2082"]
[PlyCount "147"]
[EventDate "2025.??.??"]
[SourceVersionDate "2025.01.28"]

1. d4 Nf6 2. Nf3 b6 3. c4 e6 4. g3 Ba6 5. Nbd2 c5 6. Bg2 Nc6 7. Ne5 Bb7 8. Qa4 Qc7 9. Nxc6 Bxc6 10. Bxc6 Qxc6 11. Qxc6 dxc6 12. Nb3 cxd4 13. Nxd4 Bb4+ 14. Kf1 Rc8 15. f3 O-O 16. Bg5 Rfd8 17. Nb3 a5 18. a4 b5 19. axb5 cxb5 20. cxb5 Rd5 21. Bxf6 gxf6 22. Rc1 Rb8 23. Rc7 Rbxb5 24. Nc1 Rd1+ 25. Kg2 Rd2 26. Kf2 Bc5+ 27. Rxc5 Rxc5 28. Nb3 Rdd5 29. Nxc5 Rxc5 30. Ra1 Rb5 31. Ra2 Rb3 32. Ke1 Kg7 33. Kd2 f5 34. Kc2 Rb5 35. Ra3 Kf6 36. f4 Rc5+ 37. Rc3 Rb5 38. Rc4 Rd5 39. b3 Rb5 40. Kc3 Rd5 41. Rc7 Rb5 42. h3 Rd5 43. Ra7 Rb5 44. e3 Kg6 45. Ra8 Kg7 46. Rc8 Kg6 47. Rc4 Kf6 48. Kb2 Kg6 49. Ka3 Rd5 50. Rd4 Rc5 51. Rd3 Rc1 52. g4 Ra1+ 53. Kb2 Rh1 54. gxf5+ Kxf5 55. Ka3 Ke4 56. Rd7 Rxh3 57. Rxf7 Kxe3 58. Rf6 h5 59. Rxe6+ Kxf4 60. Rf6+ Kg4 61. Rg6+ Kf4 62. Rf6+ Kg3 63. Rg6+ Kf2 64. Rg5 Rh1 65. Kb2 h4 66. Rxa5 h3 67. Rh5 h2 68. Rh8 Kg2 69. Rg8+ Kf3 70. Rh8 Kg2 71. Rg8+ Kf3 72. Rf8+ Kg2 73. Rg8+ Kf3 74. Rh8 1/2-1/2

[Event "Elit(Kristallen-Rockaden, Stockholm)"]
[Site "?"]
[Date "2025.01.17"]
[Round "4"]
[White "Ostling, Hakan"]
[Black "Barkhagen, Jonas"]
[Result "0-1"]
[WhiteElo "2140"]
[BlackElo "2411"]
[PlyCount "98"]
[SourceVersionDate "2025.01.29"]

1. f4 d5 2. Nf3 g6 3. g3 Bg7 4. Bg2 c6 5. d3 Qb6 6. Nc3 d4 7. Ne4 Nf6 8. Nxf6+ exf6 9. e4 dxe3 10. Qe2 O-O 11. O-O Re8 12. Re1 Na6 13. c3 Nc5 14. Bxe3 Qa6 15. d4 Nd3 16. Reb1 Bg4 17. h3 Bxh3 18. Bxh3 Nxf4 19. Qxa6 Nxh3+ 20. Kg2 bxa6 21. Re1 Ng5 22. Bxg5 fxg5 23. Nxg5 Rab8 24. Rxe8+ Rxe8 25. Kf3 f5 26. Rd1 h6 27. Nh3 g5 28. Nf2 Rd8 29. Nd3 a5 30. Re1 Kf7 31. a4 Re8 32. Rd1 h5 33. Kf2 Bf6 34. Nc5 Rb8 35. Rd2 g4 36. Nd7 Rd8 37. Nxf6 Kxf6 38. Re2 Rh8 39. Re5 h4 40. gxh4 Rxh4 41. Rc5 Rh2+ 42. Kg3 Rxb2 43. Rxc6+ Kg5 44. Rc5 Rd2 45. Rxa5 Rd3+ 46. Kg2 Kf4 47. Rxa7 Rd2+ 48. Kg1 Kf3 49. Rg7 f4 0-1

[Event "Elit(Limhamn-LASK)"]
[Site "?"]
[Date "2025.01.17"]
[Round "4"]
[White "Kucuksari, Kaan"]
[Black "Domingo Nunez, Ruben"]
[Result "1/2-1/2"]
[WhiteElo "2462"]
[BlackElo "2426"]
[PlyCount "87"]
[SourceVersionDate "2025.01.27"]

1. d4 Nf6 2. c4 e6 3. g3 c5 4. d5 exd5 5. cxd5 d6 6. Nc3 g6 7. Nf3 Bg7 8. Bg2 O-O 9. O-O Re8 10. Bf4 Na6 11. Re1 Bg4 12. h3 Bxf3 13. Bxf3 Nd7 14. Bg2 Ne5 15. Qc1 Nc7 16. a4 a6 17. Bg5 f6 18. Bh6 Nd3 19. exd3 Rxe1+ 20. Qxe1 Bxh6 21. Qd1 f5 22. d4 b6 23. a5 cxd4 24. Qxd4 bxa5 25. Rxa5 Bg7 26. Qd2 Qb8 27. Ra1 Qb4 28. Qc2 Rb8 29. Nd1 Qb6 30. Ra4 Nb5 31. Qe2 Nc7 32. Rc4 Re8 33. Qc2 Nb5 34. Rc8 Rf8 35. Rxf8+ Kxf8 36. h4 Qd4 37. h5 Qe5 38. hxg6 hxg6 39. Qa4 Qd4 40. Qxd4 Nxd4 41. Bf1 a5 42. Ne3 Nf3+ 43. Kg2 Nd2 44. Nc4 1/2-1/2

[Event "Elit(Stockholms SS-Kungstornet)"]
[Site "?"]
[Date "2025.01.17"]
[Round "4"]
[White "Cicak, Slavko"]
[Black "Lokander, Martin"]
[Result "1/2-1/2"]
[WhiteElo "2489"]
[BlackElo "2468"]
[PlyCount "20"]
[SourceVersionDate "2025.01.28"]

1. Nf3 d5 2. b3 Nf6 3. e3 g6 4. Bb2 Bg7 5. c4 dxc4 6. Bxc4 O-O 7. O-O b6 8. Be2 Bb7 9. d3 c5 10. Nbd2 Nc6 1/2-1/2

[Event "Elit(Limhamn-LASK)"]
[Site "?"]
[Date "2025.01.17"]
[Round "4"]
[White "Hector, Jonny"]
[Black "Hansen, Sune Berg"]
[Result "1/2-1/2"]
[WhiteElo "2434"]
[BlackElo "2511"]
[PlyCount "68"]
[SourceVersionDate "2025.01.27"]

1. e4 c5 2. Nf3 Nc6 3. d4 cxd4 4. Nxd4 e5 5. Nb5 d6 6. c4 Be6 7. Bd3 g6 8. O-O Rc8 9. Be3 a6 10. N5c3 Bg7 11. Nd5 Bxd5 12. cxd5 Nd4 13. Nd2 Nf6 14. a4 O-O 15. a5 Rc7 16. Bxd4 exd4 17. Ra4 Nd7 18. Bb1 Rc5 19. b4 Rc3 20. Nf3 Qf6 21. Ra2 Rfc8 22. Bc2 Qf4 23. Bd3 Rc1 24. Qd2 Qxd2 25. Rxd2 Ne5 26. Nxe5 Bxe5 27. g3 g5 28. Rb2 R8c3 29. b5 Rxf1+ 30. Bxf1 Ra3 31. bxa6 bxa6 32. Bxa6 Rxa5 33. Bd3 Ra3 34. Rd2 Kg7 1/2-1/2

[Event "Elit(Stockholms SS-Kungstornet)"]
[Site "?"]
[Date "2025.01.17"]
[Round "4"]
[White "Sipila, Vilka"]
[Black "Lyrberg, Patrik"]
[Result "0-1"]
[WhiteElo "2445"]
[BlackElo "2439"]
[PlyCount "80"]
[SourceVersionDate "2025.01.28"]

1. e4 c6 2. d4 d5 3. Nc3 dxe4 4. Nxe4 Nf6 5. Nxf6+ exf6 6. Be3 Qa5+ 7. c3 Bd6 8. Bd3 Bf5 9. Qh5 g6 10. Qf3 Nd7 11. Bxf5 gxf5 12. Ne2 O-O-O 13. Ng3 f4 14. Ne4 Bb8 15. Bxf4 f5 16. Ng3 Rhe8+ 17. Kd1 c5 18. Kc2 cxd4 19. cxd4 Re6 20. Rhc1 Rc6+ 21. Kd1 Nc5 22. Rc4 Bxf4 23. Qxf4 Ne6 24. Qxf5 Rd5 25. Qd3 Nf4 26. Rxc6+ bxc6 27. Qc3 Qa4+ 28. Ke1 Qb5 29. Rd1 Rd6 30. Rd2 Nxg2+ 31. Kd1 h5 32. h4 Nxh4 33. Ne4 Rg6 34. b3 Qf5 35. Re2 Qf3 36. Qc5 Qd3+ 37. Kc1 Rg1+ 38. Kb2 Qxe2+ 39. Ka3 Qa6+ 40. Kb2 Qe2+ 0-1

[Event "Elit(Limhamn-LASK)"]
[Site "?"]
[Date "2025.01.17"]
[Round "4"]
[White "Thybo, Jesper Sondergaard"]
[Black "Garriga Cazorla, Pere"]
[Result "1/2-1/2"]
[WhiteElo "2556"]
[BlackElo "2491"]
[PlyCount "68"]
[SourceVersionDate "2025.01.27"]

1. d4 Nf6 2. c4 e6 3. Nf3 d5 4. g3 c6 5. Bg2 b6 6. Qc2 Be7 7. O-O O-O 8. b3 a5 9. Bb2 Na6 10. Nc3 Bb7 11. Rad1 Rc8 12. Qb1 Qc7 13. e4 Rfd8 14. Rfe1 Qb8 15. h4 Nc7 16. Ne5 Bb4 17. a3 Bxc3 18. Bxc3 Nxe4 19. Rxe4 dxe4 20. Bxe4 f5 21. Bxc6 Ne8 22. Bd7 Rxd7 23. Nxd7 Qd6 24. Ne5 Nf6 25. Bb2 a4 26. b4 Rxc4 27. d5 Rc8 28. dxe6 Qxe6 29. Qd3 h6 30. b5 Be4 31. Qd4 Qb3 32. f3 Bb7 33. Rd3 Qxb5 34. Nd7 Qxd7 1/2-1/2

[Event "Elit(Stockholms SS-Kungstornet)"]
[Site "?"]
[Date "2025.01.17"]
[Round "4"]
[White "von Bahr, Oskar"]
[Black "Hauge, Lars Oskar"]
[Result "1/2-1/2"]
[WhiteElo "2363"]
[BlackElo "2476"]
[PlyCount "72"]
[SourceVersionDate "2025.01.28"]

1. Nf3 f5 2. d3 d6 3. e4 e5 4. Nc3 Nc6 5. exf5 Nge7 6. Nh4 Bxf5 7. Nxf5 Nxf5 8. g3 Be7 9. Bg2 O-O 10. Nd5 Qd7 11. O-O Rae8 12. c3 Kh8 13. Qb3 Nd8 14. f4 exf4 15. Bxf4 c6 16. Ne3 Nxe3 17. Bxe3 a6 18. Bb6 d5 19. Bxd8 Bxd8 20. Rae1 Rxf1+ 21. Rxf1 Bf6 22. Qd1 Qe7 23. Bf3 g6 24. d4 Kg7 25. Kg2 Bg5 26. Bg4 h5 27. Bf3 Qd6 28. Re1 Re6 29. Rxe6 Qxe6 30. h4 Bh6 31. b3 b5 32. Qe2 Kf6 33. Qxe6+ Kxe6 34. Kf2 Bd2 35. c4 Bc3 36. cxd5+ cxd5 1/2-1/2

[Event "Elit(Limhamn-LASK)"]
[Site "?"]
[Date "2025.01.17"]
[Round "4"]
[White "Jepson, Christian"]
[Black "Sjodahl, Pontus"]
[Result "0-1"]
[WhiteElo "2404"]
[BlackElo "2430"]
[PlyCount "70"]
[SourceVersionDate "2025.01.27"]

1. c4 e6 2. g3 d5 3. Bg2 Nf6 4. Nf3 Be7 5. d4 O-O 6. O-O dxc4 7. Qc2 a6 8. a4 Bd7 9. Rd1 c5 10. Ne5 Nc6 11. Nxc6 Bxc6 12. Bxc6 bxc6 13. dxc5 Qa5 14. Qxc4 Rfb8 15. Nd2 Qxc5 16. Qxc5 Bxc5 17. Nc4 Ne4 18. e3 Bb4 19. Bd2 Nc5 20. Bxb4 Rxb4 21. Rac1 Nxa4 22. Rc2 Rxc4 23. Rxc4 Nxb2 24. Rdc1 Nxc4 25. Rxc4 a5 26. Rxc6 a4 27. Rc2 g5 28. h3 Kg7 29. Kf1 h5 30. g4 f5 31. gxf5 exf5 32. Ke2 a3 33. Ra2 Kf6 34. Kd3 Ke5 35. f3 g4 0-1

[Event "Elit(Stockholms SS-Kungstornet)"]
[Site "?"]
[Date "2025.01.17"]
[Round "4"]
[White "Westerberg, Jonathan"]
[Black "Henriksson, Johan"]
[Result "1-0"]
[WhiteElo "2470"]
[BlackElo "2291"]
[PlyCount "89"]
[SourceVersionDate "2025.01.28"]

1. e4 c6 2. d3 d5 3. Nd2 g6 4. Ngf3 Bg4 5. h3 Bxf3 6. Qxf3 Bg7 7. g3 e6 8. Bg2 Nd7 9. O-O Ne7 10. Qe2 O-O 11. Nf3 Re8 12. h4 c5 13. c3 Nc6 14. h5 Nde5 15. Nxe5 Nxe5 16. hxg6 hxg6 17. f4 Nc6 18. e5 Rc8 19. Bd2 b5 20. Rac1 a5 21. Be1 b4 22. Bf2 bxc3 23. bxc3 Bf8 24. d4 cxd4 25. cxd4 Qb6 26. g4 Nb4 27. Qd2 Qa6 28. f5 Qd3 29. Qg5 Rxc1 30. Rxc1 exf5 31. Bf1 Be7 32. Qxe7 Qxf1+ 33. Kxf1 Rxe7 34. Rc8+ Kh7 35. Bh4 Re6 36. Bf6 Rxf6 37. exf6 Nxa2 38. g5 Nb4 39. Rf8 Nc2 40. Rxf7+ Kg8 41. Rg7+ Kf8 42. Rxg6 Nxd4 43. Rh6 Ne6 44. g6 Kg8 45. g7 1-0

[Event "Elit(Limhamn-LASK)"]
[Site "?"]
[Date "2025.01.17"]
[Round "4"]
[White "Smith, Axel"]
[Black "Lindgren, Philip"]
[Result "1/2-1/2"]
[WhiteElo "2430"]
[BlackElo "2386"]
[PlyCount "47"]
[SourceVersionDate "2025.01.27"]

1. c4 Nf6 2. Nc3 e6 3. e4 e5 4. Nf3 Nc6 5. a3 d6 6. h3 g6 7. d4 exd4 8. Nxd4 Bg7 9. Nxc6 bxc6 10. Bd3 O-O 11. O-O Nd7 12. Bd2 Nc5 13. Bc2 Qh4 14. Rb1 Re8 15. b4 Ne6 16. Ne2 Ng5 17. f3 Nxh3+ 18. gxh3 Bd4+ 19. Nxd4 Qg3+ 20. Kh1 Qxh3+ 21. Kg1 Qg3+ 22. Kh1 Qh3+ 23. Kg1 Qg3+ 24. Kh1 1/2-1/2

[Event "Elit(Stockholms SS-Kungstornet)"]
[Site "?"]
[Date "2025.01.17"]
[Round "4"]
[White "Couso, Luis"]
[Black "Tuomainen, Felix"]
[Result "1/2-1/2"]
[WhiteElo "2250"]
[BlackElo "2241"]
[PlyCount "39"]
[EventDate "2025.??.??"]
[SourceVersionDate "2025.01.28"]

1. Nf3 Nf6 2. g3 d5 3. Bg2 g6 4. O-O Bg7 5. c4 O-O 6. d4 c6 7. Qb3 dxc4 8. Qxc4 Be6 9. Qc2 Bf5 10. Qb3 Qb6 11. Nbd2 Nbd7 12. Nc4 Qa6 13. Nfd2 Nb6 14. Nxb6 axb6 15. e4 Be6 16. d5 Bd7 17. Nc4 b5 18. Ne5 cxd5 19. Nxd7 Nxd7 20. exd5 1/2-1/2

[Event "Elit(Limhamn-LASK)"]
[Site "?"]
[Date "2025.01.17"]
[Round "4"]
[White "Schneider, Stefan"]
[Black "Storme, Isak"]
[Result "1/2-1/2"]
[WhiteElo "2379"]
[BlackElo "2455"]
[PlyCount "41"]
[SourceVersionDate "2025.01.27"]

1. d4 Nf6 2. c4 e6 3. Nf3 d5 4. Nc3 Be7 5. cxd5 exd5 6. Bg5 c6 7. Qc2 g6 8. e3 Bf5 9. Bd3 Bxd3 10. Qxd3 O-O 11. O-O Nbd7 12. Rab1 a5 13. a3 Re8 14. Qc2 Ne4 15. Bxe7 Qxe7 16. b4 axb4 17. axb4 Nb6 18. Nxe4 Qxe4 19. Qc3 Ra2 20. b5 Nc4 21. bxc6 1/2-1/2

[Event "Elit(Stockholms SS-Kungstornet)"]
[Site "?"]
[Date "2025.01.17"]
[Round "4"]
[White "Thorn, Eric"]
[Black "Andersson, Fredrik"]
[Result "1-0"]
[WhiteElo "2345"]
[BlackElo "2241"]
[PlyCount "77"]
[SourceVersionDate "2025.01.28"]

1. d4 d5 2. c4 e6 3. Nc3 Nf6 4. cxd5 exd5 5. Bg5 c6 6. e3 h6 7. Bh4 Be7 8. Bd3 O-O 9. Nge2 Re8 10. O-O a5 11. a4 Na6 12. Rc1 Nb4 13. Bb1 Nh5 14. Bxe7 Qxe7 15. Kh1 Qh4 16. Ng1 Nf6 17. Nf3 Qh5 18. Ne2 Ne4 19. Nf4 Qf5 20. Ne5 Qf6 21. f3 Nd6 22. Nfd3 Nxd3 23. Qxd3 Bf5 24. e4 Bh7 25. Qa3 Rad8 26. Ba2 Qh4 27. Kg1 Kh8 28. g3 Qh5 29. exd5 f6 30. dxc6 fxe5 31. c7 Rd7 32. Qxd6 Rxd6 33. c8=Q Rxc8 34. Rxc8+ Bg8 35. Bxg8 Qg5 36. dxe5 Rd8 37. f4 Qe7 38. Rxd8 Qxd8 39. Bf7 1-0

[Event "Elit(Limhamn-LASK)"]
[Site "?"]
[Date "2025.01.17"]
[Round "4"]
[White "Mauritsson, Sebastian"]
[Black "Brynell, Stellan"]
[Result "1/2-1/2"]
[WhiteElo "2391"]
[BlackElo "2380"]
[PlyCount "52"]
[SourceVersionDate "2025.01.27"]

1. e4 e5 2. Nf3 Nf6 3. Nc3 Nc6 4. d4 exd4 5. Nxd4 Bb4 6. Nxc6 bxc6 7. Bd3 d5 8. exd5 O-O 9. O-O Bg4 10. Be2 Bxe2 11. Nxe2 cxd5 12. Bg5 Be7 13. Qd3 h6 14. Bh4 Ng4 15. Bg3 Bd6 16. Rad1 Re8 17. c4 Bxg3 18. Nxg3 Qh4 19. h3 Ne5 20. Qxd5 Qxc4 21. Qxc4 Nxc4 22. b3 Nd6 23. Rc1 Re7 24. Rc6 a5 25. Rfc1 Ra7 26. Kf1 a4 1/2-1/2

[Event "Elit(Stockholms SS-Kungstornet)"]
[Site "?"]
[Date "2025.01.17"]
[Round "4"]
[White "Glimbrant, Torbjorn"]
[Black "Cederstam, Carl"]
[Result "1/2-1/2"]
[WhiteElo "2020"]
[BlackElo "2301"]
[PlyCount "120"]
[SourceVersionDate "2025.01.28"]

1. d4 Nf6 2. Nf3 b6 3. g3 Bb7 4. Bg2 e6 5. c4 Bb4+ 6. Bd2 Be7 7. Nc3 c6 8. O-O O-O 9. Bf4 d5 10. b3 Ba6 11. Ne5 Nfd7 12. Nxd7 Nxd7 13. cxd5 exd5 14. Re1 Nf6 15. Bg5 Qd7 16. Qc2 Rac8 17. Rad1 h6 18. Bxf6 Bxf6 19. b4 Be7 20. a3 Bc4 21. Na4 Bb5 22. Nc3 a5 23. Rb1 axb4 24. axb4 Bc4 25. Red1 Ra8 26. e3 Ra3 27. Bf1 Bxf1 28. Kxf1 Rfa8 29. Kg1 Bf6 30. Kg2 h5 31. h3 Qe6 32. Rb3 Rxb3 33. Qxb3 b5 34. e4 dxe4 35. Qxe6 fxe6 36. Nxe4 Ra4 37. Nxf6+ gxf6 38. Rc1 Rxb4 39. Rxc6 Kf7 40. Rb6 Rb2 41. Kf3 Rb3+ 42. Ke4 h4 43. gxh4 Rxh3 44. Rxb5 Rxh4+ 45. Ke3 Rh1 46. Rb6 Re1+ 47. Kd2 Ra1 48. Ke3 Ra3+ 49. Ke2 f5 50. Rb7+ Kf6 51. Rb6 Ke7 52. Rc6 Kd7 53. Rb6 f4 54. Rb7+ Kd6 55. Rf7 e5 56. dxe5+ Kxe5 57. Re7+ Kf6 58. Re8 f3+ 59. Kd2 Kf5 60. Rf8+ Ke4 1/2-1/2

[Event "Elit(Limhamn-LASK)"]
[Site "?"]
[Date "2025.01.17"]
[Round "4"]
[White "Penalver, Osmani"]
[Black "Jogstad, Martin"]
[Result "0-1"]
[WhiteElo "2290"]
[BlackElo "2375"]
[PlyCount "59"]
[SourceVersionDate "2025.01.27"]

1. d4 d5 2. c4 c6 3. Nf3 Nf6 4. Nc3 dxc4 5. a4 Bf5 6. e3 e6 7. Bxc4 Bb4 8. O-O O-O 9. Qb3 c5 10. dxc5 a5 11. Nd4 Bg6 12. Bxe6 fxe6 13. Nxe6 Bf7 14. Nxd8 Bxb3 15. Nxb7 Ra7 16. Nd6 Bxc5 17. Nde4 Bb4 18. Nd2 Bc2 19. Nb5 Rd7 20. Nd4 Bd3 21. Rd1 Ng4 22. N2f3 Be2 23. Bd2 Bxd1 24. Bxb4 axb4 25. Rxd1 Nc6 26. h3 Nxd4 27. exd4 Nf6 28. Rc1 b3 29. Kf1 Rfd8 30. Ne5 0-1